000 00580nam a2200169 a 4500
001 000044183
005 20201002045212.0
008 140605s2009 dr 000 0 spa d
020 _a9789945870138
040 _aDO-SdBNP
_bspa
_cBNPHU
082 _axxxxxx
_bxxxxxx
100 1 _aCastaño Guzmán, Julio César
_964557
245 1 0 _aPalabra & poder :
_babogados : /
_cJulio César Castaño Guzmán.
260 _aSanto Domingo :
_bFundación Derecho & Democracia,
_c2009.
300 _a243 p. ;
_c24 cm.
504 _aIncluye referencias bibliográficas y notas al pie de las páginas
999 _c43672
_d43672